000 00229nam a22000857a 4500
008 170606b xxu||||| |||| 00| 0 eng d
100 _93282
_aSekharam. K.S
245 _aOur useful Plants
260 _aNew Delhi
_bNational Book Trust
_c2004
999 _c6599
_d6599